00810nam a22002537a 4500003000500000005001700005008004100022010000900063011000900072035000900081040000900090100003200099245008400131260007300215300001800288490003600306500001100342650001600353650002000369700002200389700002200411710008700433830003600520CHAP20220329133154.0971013s1984 r 00010 d a2968 a3940 a3141 cCHAP00aVelloso, José A. R. de O. aTecnología de aplicacao de defensivos agrícolas con pulverizadores de barra aPasso Fundo :bEMBRAPA - Centro Nacional de Pesquisa de Trigo,c1984 a50 p.b: ilus aEMBRAPA - CNPTv; Documentos; 5 aD48-2514aPesticidas.14aPulverizadores.0 aGassen, Dirceu N.0 aJacobsen, Luis A.0 aEmpresa Brasileira de Pesquisa Agropecuaria. Centro Nacional de Pesquisa de Trigo.0 aEMBRAPA - CNPTv; Documentos; 5